Flags of Countries in NATO - Statistics

General Stats
  • This quiz has been taken 211 times
    94 since last reset
  • The average score is 25 of 32
Answer Stats
Picture Answer % Correct
Albania
96%
France
90%
Greece
90%
Denmark
83%
Iceland
83%
Portugal
83%
United Kingdom
83%
Bulgaria
81%
Canada
81%
Croatia
81%
Latvia
81%
Belgium
80%
Norway
80%
Spain
80%
Sweden
80%
Germany
79%
Netherlands
79%
Estonia
77%
Luxembourg
77%
Czech Republic
76%
Italy
76%
Slovakia
74%
Hungary
71%
Poland
70%
United States
70%
North Macedonia
69%
Turkey
69%
Finland
67%
Montenegro
66%
Lithuania
64%
Romania
64%
Slovenia
64%
No matching quizzes found
Score Distribution
Percent of People with Each Score
Percentile by Number Answered
Your Score History
You have not taken this quiz since the last reset